000 00593nam a2200241Ia 4500
003 OSt
005 20250705102946.0
008 210210b2004 xxu||||| |||| 00| 0 eng d
020 _a0195669029
040 _cAL
041 _aeng
082 _a541.3 ATKA
100 _aPeter Atkins
_9210854
245 _aPhysical chemistry Ed 7
250 _a7
260 _aND
_bOxford University Press
_c2004
300 _axxi,1149p.
650 _aPhysical Chemistry
_9210856
690 _aPhysical Chemistry
_9210856
700 _aPaula, Julio De
_9217455
906 _a059175
942 _2ddc
_cBK
999 _c106434
_d106434